Normal view
MARC view
Entry Topical Term
001 - CONTROL NUMBER
- control field: 21002
003 - CONTROL NUMBER IDENTIFIER
- control field: ARRUPE
005 - DATE AND TIME OF LATEST TRANSACTION
- control field: 20151106121748.0
008 - FIXED-LENGTH DATA ELEMENTS
- fixed length control field: 151106|| aca||aabn | a|a d
040 ## - CATALOGING SOURCE
- Original cataloging agency: ARRUPE
- Transcribing agency: ARRUPE
150 ## - HEADING--TOPICAL TERM
- Topical term or geographic name as entry element: French drama
- General subdivision: History and criticism
- Chronological subdivision: 20th century
670 ## - SOURCE DATA FOUND
- Source citation: Work cat.: (ARRUPE): Fletcher, John editor 21001, Forces in modern French drama , 1972